Normal view
MARC view
- Nonfiction.
Entry Genre/Form Term
001 - CONTROL NUMBER
- control field: 39207
003 - CONTROL NUMBER IDENTIFIER
- control field: OSt
005 - DATE AND TIME OF LATEST TRANSACTION
- control field: 20190816104102.0
008 - FIXED-LENGTH DATA ELEMENTS
- fixed length control field: 190816|| aca||aabn | a|a d
040 ## - CATALOGING SOURCE
- Original cataloging agency: OSt
- Transcribing agency: OSt
155 ## - HEADING--GENRE/FORM TERM
- Genre/form term: Nonfiction.
670 ## - SOURCE DATA FOUND
- Source citation: Work cat.: (OSt)0: Meyer, Joyce, 1943- author. 39201, Healing the soul of a woman :, ©2018
